| 000 | 00956nam a22003257a 4500 | ||
|---|---|---|---|
| 001 | BR7200385 | ||
| 003 | BR-BrBNA | ||
| 005 | 20230928083758.0 | ||
| 007 | ta | ||
| 008 | 230509b bl.||||| |||| 00| 0 por d | ||
| 040 |
_aBR-BrBNA _bpor _cBiblioteca Nacional de Agricultura |
||
| 041 | _a(Por) | ||
| 072 |
_aF00 _b1000 _b3575 |
||
| 090 | _ 1000 BR7200385 | ||
| 100 | 1 | _aTrindade, J. | |
| 100 | 1 | _aSilva, L.M.S. da | |
| 110 | 1 | _aSuperintendencia da Agricultura e Producao, Boquim, SE (Brasil). Estacao Experimental de Boquim | |
| 245 | 1 | _aInstrucoes para o viveirista de citros [Fruta citrica; Semente; Plantio; Pratica cultural] | |
| 260 | 3 |
_aBoquim, SE (Brasil): _c1972. |
|
| 300 | _a15 p. | ||
| 500 | _a9 illus.; 6 ref. | ||
| 650 | _aProducao vegetal | ||
| 650 | _aFruta citrica | ||
| 650 | _aSemente | ||
| 650 | _aPlantio | ||
| 650 | _aPratica cultural | ||
| 650 | _aViveiro | ||
| 909 |
_a202309 _bLucia _c55 _dLucia Elande |
||
| 942 | _cBK | ||
| 999 |
_c15191 _d15191 |
||